| 000 | 00393nam a2200169Ia 4500 | ||
|---|---|---|---|
| 008 | 230711s9999||||xx |||||||||||||| ||und|| | ||
| 041 | _aENG | ||
| 082 |
_a720 _bPO-J |
||
| 100 | _aPollard,Michael | ||
| 245 | 0 | _aJohann gutemberg | |
| 250 | _a1st . Ed. | ||
| 260 |
_c1995 _aNew DElhi _bOrient Longman Pvt.Ltd |
||
| 300 | _a64 | ||
| 650 | _aLiterature | ||
| 700 | _aSproule,Anna | ||
| 942 | _cBK | ||
| 999 |
_c3407 _d3407 |
||